书目信息 |
| 题名: |
中国城市经济社会年鉴
|
|
| 作者: | ;中国城市经济社会年鉴理事会 编 | |
| 分册: | 1986 | |
| 出版信息: | 北京 中国城市经济社会出版社 1986 |
|
| 页数: | 1384页 | |
| 开本: | 26cm | |
| 丛书名: | ||
| 单 册: | ||
| 中图分类: | C54 | |
| 科图分类: | ||
| 主题词: | 社会科学--年鉴 , 社会科学--年刊 | |
| 电子资源: | ||
| ISBN: | ||
| 000 | 00755nam0 2200229 45 | |
| 001 | 0186018527 | |
| 005 | 20050614165148.6 | |
| 010 | @b精装@dCNY58.00 | |
| 100 | @a19900726d1986 emky0chiy0121 ea | |
| 101 | 0 | @achi |
| 102 | @aCN@b110000 | |
| 105 | @ac iz 001yy | |
| 200 | 10 | @a中国城市经济社会年鉴@Azhong guo cheng shi jing ji she hui nian jian@h1986@f中国城市经济社会年鉴理事会编@FZhong Guo Cheng Shi Jing Ji She Hui Nian Jian Li Shi Hui Bian |
| 210 | @a北京@c中国城市经济社会出版社@d1986 | |
| 215 | @a1384页@c图@d26cm | |
| 606 | 0 | @a社会科学@x年鉴 |
| 606 | 0 | @a社会科学@x年刊 |
| 690 | @aC54@v3 | |
| 711 | 02 | @a中国城市经济社会年鉴理事会@4编 |
| 801 | 0 | @aCN@b深圳图书馆@c20050614 |
| 801 | 2 | @aCN@bNLC@c20050614 |
| 905 | @f1@b211175@dC54@e45:(1986) | |
| 中国城市经济社会年鉴.1986/中国城市经济社会年鉴理事会编.-北京:中国城市经济社会出版社,1986 |
| 1384页:图;26cm |
| ISBN (精装):CNY58.00 |
| ● |
| 相关链接 |
|
|
|
|
正题名:中国城市经济社会年鉴
索取号:C54/45:(1986)
 
预约/预借
| 序号 | 登录号 | 条形码 | 馆藏地/架位号 | 状态 | 备注 |
| 1 | 0211175 | 202109379 | 第一样本阅览室/ [索取号:C54/45:(1986)] | 在馆 |